000 00602cam a22001932 4500
001 0000019765
005 20151021151135.0
008 110207s xx 000 0 eng d
040 _aKABU
_cKABU
050 0 _aHF5635
_b.S776 2009
110 2 _aStrathmore University.
_bDistance Learning Centre.
_@0000150769
245 1 0 _aFinancial accounting IV :
_bsubject no. 18 revision kit.
260 _aNairobi :
_bSUP,
_c2009.
300 _aviii, 222 p.
650 0 _aAccounting.
_@0000148321
852 1 _9p980 Kes
908 _a110207
950 _@1
999 _c1117
_d1117